|
|
|
|
| LEADER |
00000nam0a2200000 4500 |
| 001 |
24615 |
| 005 |
20250722160305.0 |
| 010 |
|
|
|a 5859290179
|
| 035 |
|
|
|a (RuTPU)RU\TPU\book\24844
|
| 035 |
|
|
|a BOOK00024917
|
| 090 |
|
|
|a 24615
|
| 100 |
|
|
|a 20011209d2000 km y0rusy50 ca
|
| 101 |
0 |
|
|a rus
|
| 102 |
|
|
|a RU
|
| 105 |
|
|
|a y z 000zy
|
| 200 |
1 |
|
|a История России. Московское царство
|h Ч. 2
|f Г. В. Вернадский
|
| 210 |
|
|
|a Москва
|c Аграф
|d 2000
|a Тверь
|
| 215 |
|
|
|a 414 с.
|
| 606 |
|
|
|a Россия
|x История
|z 9 век-1917
|9 81648
|
| 610 |
1 |
|
|a Московское государство
|
| 610 |
1 |
|
|a 16 век
|
| 610 |
1 |
|
|a 17 век
|
| 610 |
1 |
|
|a 18 век
|
| 610 |
1 |
|
|a 19 век
|
| 610 |
1 |
|
|a 20 век
|
| 610 |
1 |
|
|a культура
|
| 610 |
1 |
|
|a Сибирь
|
| 610 |
1 |
|
|a экономика
|
| 610 |
1 |
|
|a политика
|
| 686 |
|
|
|a Т3(2)4/5
|2 rubbk
|
| 700 |
|
1 |
|a Вернадский
|b Г. В.
|c российский историк
|f 1887-1973
|g Георгий Владимирович
|3 (RuTPU)RU\TPU\pers\9708
|9 1945
|
| 801 |
|
0 |
|a RU
|b 63413507
|c 20011209
|g PSBO
|
| 801 |
|
2 |
|a RU
|b 63413507
|c 20120920
|g PSBO
|
| 850 |
|
|
|a 63413507
|
| 942 |
|
|
|c BK
|